Palabras en Japonés (sin clasificar) - Estadísticas

Estadísticas generales
  • Esta prueba ha sido intentada 2 veces
  • La puntuación promedio es 11 de 37
Estadísticas de respuestas
Hint Respuesta % Correcto
Lluvia Ame
100%
Perro Inu
100%
Ojo Me
100%
Gato Neko
100%
Cerezos en flor Sakura
100%
Pájaro Tori
100%
Inglés Eigo
50%
Jirafa Kirin
50%
Boca Kuchi
50%
Oreja Mimi
50%
Nombre Namae
50%
Panda Panda
50%
Mano Te
50%
Conejo Usagi
50%
Montaña Yama
50%
Nieve Yuki
50%
Alergia Arerugii
0%
Pierna Ashi
0%
Negocio Bijinesu
0%
Cultura Bunka
0%
Idioma Gengo
0%
Hámster Hamusutaa
0%
Nariz Hana
0%
Pulgada Inchi
0%
Camaleón Kamareon
0%
Problema Mondai
0%
León Raion
0%
Amor Renai
0%
Mono Saru
0%
Especialidad Senkou
0%
Pregunta Shitsumon
0%
Final de la línea Shuuten
0%
Habilidad Sukiru
0%
Matemática Suugaku
0%
Clima/tiempo Tenki
0%
Alquiler Yachin
0%
Cabra Yagi
0%
No se encontraron pruebas coincidentes
Distribución de puntuación
Porcentaje de gente con cada puntuación
Porcentaje por número respondido
Historial de tus puntuaciones
No has intentado esta prueba.